000 00721nam a2200265Ia 4500
005 20260302114547.0
008 008 260114s9999 xx 000 0 eng d
020 _a9781472545893
037 _aTextbook
040 _aCRL
040 _beng
040 _cCRL
041 _2eng
041 _aeng
084 _qCRL
100 _aAyon Maharaj
_91118352
245 4 _aThe Dialectics of Aesthetic Agency Revaluating German Aesthetics from Kant to Adorno
260 _bBloomsbury
260 _bBloomsbury Academic
260 _c2013
650 _aPhilosophy
856 _uhttps://dx.doi.org/10.5040/9781472545893?locatt=label:secondary_bloomsburyCollections
942 _cEBOOK
999 _c1682999
_d1682999